[Event "Budapest Spring Festival 2018"]
[Site "Budapest"]
[Date "2018.04.19"]
[Round "2"]
[White "Popov, Mikhail"]
[Black "Nguyen, Thai Dai Van"]
[Result "0-1"]
[WhiteElo "2403"]
[BlackElo "2539"]
[Annotator "TA"]
[PlyCount "66"]
[EventDate "2018.??.??"]
[EventType "swiss"]
[EventCountry "HUN"]
[SourceTitle "playchess.com"]
[Source "ChessBase"]
[SourceQuality "1"]

{[%evp 29,66,22,34,21,32,0,0,-37,0,0,0,-96,-95,-160,-175,-156,-156,-203,-221,-290,-278,-496,-483,-732,-725,-1095,-1106,-1060,-1029,-1164,-29959,-29967,-29966,-29973,-29969,-29985,-29986,-29985,-500]} 1. d4 d5 2. c4 e6 3. Nc3 Nf6 4. Nf3 c5 5. cxd5 Nxd5 6. e4 Nxc3 7. bxc3 cxd4 8. cxd4 Bb4+ 9. Bd2 Bxd2+ 10. Qxd2 O-O 11. Bc4 Nd7 12. O-O {D41: Queen's Gambit Declined: Semi-Tarrasch with 5 cxd5} b6 13. a4 (13. Rad1 Bb7 14. Rfe1 Rc8 15. Bb3 Re8 16. h3 Nf6 17. Qf4 Nh5 18. Qe5 Nf6 19. Qf4 Nh5 20. Qh2 h6 21. d5 exd5 22. exd5 Rxe1+ 23. Nxe1 {½-½ (57) So,W (2799)-Kramnik,V (2800) Berlin 2018}) 13... Bb7 14. Bd3 e5 15. d5 Nc5 {LiveBook: 5 Games} 16. Bc2 f5 {[%cal Bf7f5,Bf5e4][%mdl 32]} 17. Nxe5 fxe4 18. Rfd1 Rf5 (18... Qf6 $5 {[%cal Rf6e5]} 19. Ng4 Qd6 $11) 19. f4 Qf8 $146 ({Find the theoretical novelty and annotate with similar games:} 19... g5) 20. g3 (20. a5 $11 Rxf4 21. axb6) 20... g5 $1 $17 21. Qd4 (21. Ra3 $142) 21... gxf4 22. gxf4 Rxf4 23. Kh1 {Threatening mate with Rg1+.} Qf6 24. Rg1+ Kf8 {Strongly threatening ...Rd8.} 25. Bb3 $2 (25. Nc6) 25... Rd8 $19 26. Bc4 {[#]} (26. Ba2 $142 Nd3 27. Nxd3 Qxd4 28. Nxf4) 26... Nd3 $1 {[%mdl 512]} 27. Nxd3 (27. Bxd3 exd3) 27... Qxd4 28. Nxf4 Qxc4 29. Ne6+ Ke7 30. Rg7+ {Black mates.} Kf6 31. Rxb7 Rxd5 32. Rc7 Qe2 33. Rc6 Rd1+ {Precision: White = 18%, Black = 88%.} (33... Ke5 $142 34. Nf4 Kxf4 35. Rf6+ Ke5 36. Raf1 Rd1 37. R6f5+ Kd4 38. Kg1 Qg4+ 39. Kh1 e3 40. R5f4+ Qxf4 41. Rxd1+ Ke4 42. Rb1 Qf2 43. a5 Kf3 44. Rg1 e2 45. Rg3+ {[#]} Qxg3 $1 {[%mdl 512]} 46. hxg3 Kxg3 47. axb6 e1=Q#) 0-1

[Event "Budapest Spring Festival 2018"]
[Site "Budapest"]
[Date "2018.04.19"]
[Round "2"]
[White "Drazic, Sinisa"]
[Black "Aryan Chopra"]
[Result "1/2-1/2"]
[WhiteElo "2394"]
[BlackElo "2523"]
[Annotator "TA"]
[PlyCount "85"]
[EventDate "2018.??.??"]
[EventType "swiss"]
[EventCountry "HUN"]
[SourceTitle "playchess.com"]
[Source "ChessBase"]
[SourceQuality "1"]

{[%evp 19,85,-13,-11,-78,-73,-75,-74,-80,-78,-74,-41,-64,-64,-97,-81,-71,-46,-97,-54,-54,-43,-38,17,17,19,20,47,45,64,43,43,36,36,36,47,45,79,57,60,60,62,63,63,58,58,36,36,36,36,36,98,101,97,36,36,36,36,36,36,36,36,36,36,36,36,36,36,36]} 1. e4 c5 2. Nf3 d6 3. c3 Nf6 4. Bd3 Nc6 5. Bc2 Bg4 {[%cal Bc8g4,Bg4h5,Bh5g6][%mdl 32]} 6. h3 Bh5 7. d3 e6 8. Nbd2 d5 {B50: Sicilian: 2...d6, Miscellaneous} 9. Qe2 Be7 10. g4 Bg6 {LiveBook: 3 Games. The position is equal.} 11. h4 $146 (11. Nh4 $11) ({Predecessor:} 11. Nh4 Qc7 12. Ng2 O-O-O 13. O-O Rhe8 14. Re1 Bd6 15. Qf1 {1-0 (41) Akopian,V (2703)-Gelfand,B (2700) Enghien les Bains 2003}) 11... h5 $17 12. g5 Ng4 13. Ng1 d4 14. Ba4 Nge5 {...dxc3 is the strong threat.} 15. f4 dxc3 16. fxe5 cxd2+ 17. Bxd2 Qc7 18. Nf3 (18. Rc1 $15) 18... O-O-O 19. Bc3 Nd4 20. Bxd4 {[#] And now Bc3 would win.} cxd4 (20... Qa5+ $15 21. Bc3 Qxa4) 21. Qc2 $11 Qxc2 22. Bxc2 Bb4+ 23. Ke2 Ba5 24. Bb3 Kb8 25. Rac1 Bb6 26. a4 a5 27. Nd2 Rd7 28. Bc4 Rc7 29. Bb5 Rc5 30. Rxc5 Bxc5 31. Nc4 Bb4 $1 32. Rg1 Rc8 33. Rf1 Kc7 34. Kd1 Rf8 (34... Kd8 $14) 35. Rf2 $16 Rc8 {[#]} 36. Kc2 ({White should try} 36. Nd6 $1 $16 Bxd6 37. Rc2+ Kd8 38. exd6) 36... Kd8 {White is slightly better.} 37. Rf1 Ke7 38. Kd1 Rc5 39. Rg1 Rc8 40. Rg2 Rc5 41. Rc2 Kd8 42. Rf2 Ke7 43. Rg2 {Precision: White = 61%, Black = 51%.} 1/2-1/2

[Event "Budapest Spring Festival 2018"]
[Site "Budapest"]
[Date "2018.04.19"]
[Round "2"]
[White "Horvath, Dominik"]
[Black "Gonda, Laszlo"]
[Result "1/2-1/2"]
[WhiteElo "2383"]
[BlackElo "2510"]
[Annotator "TA"]
[PlyCount "114"]
[EventDate "2018.??.??"]
[EventType "swiss"]
[EventCountry "HUN"]
[SourceTitle "playchess.com"]
[Source "ChessBase"]
[SourceQuality "1"]

{[%evp 26,114,0,0,26,7,43,10,9,30,57,-9,90,17,19,20,9,0,0,0,0,0,0,0,0,0,10,4,14,5,6,-15,-14,-14,-16,-19,-30,-30,-6,-114,-117,-162,-97,-97,-102,-118,-109,-101,-101,-127,-84,-210,-119,-127,-24,-112,-18,-153,-131,-58,-22,-31,-31,-31,-31,-31,-13,-29,0,-22,-13,-27,-23,-30,-13,-93,-10,-10,-3,-7,-6,-18,0,-12,-2,-2,0,0,0,0,0]} 1. c4 Nf6 2. Nc3 b6 3. Nf3 Bb7 4. g3 e6 5. Bg2 Be7 6. O-O O-O 7. Re1 d5 8. cxd5 Nxd5 9. e4 Nxc3 10. bxc3 Nc6 {A17: English Opening: 1...Nf6 with ...Bb4} (10... c5 11. d4 cxd4 12. cxd4 Nd7 13. Bb2 Rc8 14. Qb3 Re8 15. Rad1 Bf8 16. Bf1 a6 17. a4 Qe7 18. Re3 Qb4 19. Nd2 Rc7 20. Ba3 Qxb3 21. Rxb3 Bxa3 22. Rxa3 {½-½ (22) Nepomniachtchi,I (2705)-Zhao,J (2621) Baku 2015}) 11. d4 Na5 12. Ne5 Bd6 13. Bf4 Qe8 14. Nd3 {LiveBook: 3 Games} Qc6 15. Rc1 Rad8 {[#]} 16. Qg4 $146 {aiming for Bh6.} (16. c4 $5) ({Predecessor:} 16. Bxd6 cxd6 17. Nf4 e5 18. Nd5 {½-½ (36) Stella,A (2506)-Garcia Palermo,C (2440) Cosenza 2017}) 16... Kh8 17. c4 Qe8 18. Be3 (18. Bd2 $14) 18... f5 (18... Ba6 $11) 19. Qh4 (19. exf5 $1 $16 {Black must now prevent Bxb7.} exf5 20. Qh3 Bxg2 21. Qxg2) 19... Be7 20. Qh3 Ba3 21. Rc3 fxe4 22. Rxa3 exd3 23. Bxb7 Nxb7 {[%cal Ba5b7,Bb7d6,Bd6f5][%mdl 32]} 24. Rxa7 Nd6 25. Rxc7 Nf5 26. Qg4 Rc8 27. Rxc8 Qxc8 28. c5 bxc5 29. dxc5 Nxe3 30. Rxe3 Qxc5 $11 {[%mdl 4096] Endgame KQR-KQR} 31. Qd1 Qf5 $1 {[%cal Rf5f2]} 32. f4 (32. Qd2 $11) 32... Rd8 $17 {Strongly threatening ...Qc5.} 33. Re5 Qf7 {...Qa7+ is the strong threat.} 34. Qd2 Qa7+ 35. Kg2 Qa6 36. Re3 h6 37. Kf2 Qc4 38. a4 (38. Rf3 $17) 38... Kg8 (38... Qc5 $19 39. h4 Kg8) 39. a5 Kf7 (39... Qc5 $1 $17 40. h4 Kf7) 40. Re1 {[#]} (40. Rf3 $11 {remains equal.}) 40... Rd6 (40... Rb8 $1 $17 {And now ...Qd4+ would win.} 41. Kf1 Rb3) 41. Rb1 {[#]} (41. Rc1 $11 Qd4+ 42. Kg2) 41... Qc5+ $1 42. Kg2 Rd4 43. Rf1 Qd5+ 44. Rf3 Qc4 45. Re3 Qb5 46. Kf2 Qc4 47. Kg2 Rd5 48. Rf3 Rd6 49. Re3 Ke7 50. Kf2 (50. h4 $11) 50... Kd7 (50... Qc5 $17) 51. Re1 $1 $11 {The position is equal.} Qc5+ 52. Kg2 Qd5+ 53. Kg1 Qc5+ 54. Kg2 Qc2 55. Rd1 Qc6+ 56. Kf2 Qc5+ 57. Qe3 Qxa5 {Precision: White = 37%, Black = 42%.} 1/2-1/2

[Event "Budapest Spring Festival 2018"]
[Site "Budapest"]
[Date "2018.04.19"]
[Round "2"]
[White "Popovics, Adam"]
[Black "Golubka, Petro"]
[Result "1/2-1/2"]
[WhiteElo "2380"]
[BlackElo "2509"]
[Annotator "TA"]
[PlyCount "26"]
[EventDate "2018.??.??"]
[EventType "swiss"]
[EventCountry "HUN"]
[SourceTitle "playchess.com"]
[Source "ChessBase"]
[SourceQuality "1"]

{[%evp 15,26,24,17,15,25,16,19,10,15,16,25,0,18]} 1. e4 c5 2. Nf3 d6 3. Bb5+ Nd7 4. O-O Ngf6 5. Re1 a6 6. Bxd7+ Nxd7 7. d4 {B51: Sicilian: Moscow Variation (3 Bb5+) without 3...Bd7} (7. b3 e5 8. c3 Be7 9. d4 O-O 10. dxe5 dxe5 11. c4 Re8 12. Nc3 f6 13. Be3 Nf8 14. Qxd8 Rxd8 {0-1 (36) Delgado Ramirez,N (2583)-Mareco,S (2562) Maringa 2013}) 7... cxd4 8. Qxd4 e5 {LiveBook: 3 Games} 9. Qd1 Be7 10. Nc3 O-O 11. Nd5 Nf6 $146 ({Predecessor:} 11... Nb6 12. Nxe7+ Qxe7 13. Be3 Nc4 14. b3 Nxe3 15. Rxe3 {½-½ (48) Vasiliev,S (1969)-Taztdinov,R (2223) Sterlitamak 2011}) 12. Nxe7+ Qxe7 13. b3 Rd8 1/2-1/2

[Event "Budapest Spring Festival 2018"]
[Site "Budapest"]
[Date "2018.04.19"]
[Round "2"]
[White "Fenil, Shah"]
[Black "Christiansen, Johan-Sebastian"]
[Result "0-1"]
[WhiteElo "2376"]
[BlackElo "2498"]
[Annotator "TA"]
[PlyCount "52"]
[EventDate "2018.??.??"]
[EventType "swiss"]
[EventCountry "HUN"]
[SourceTitle "playchess.com"]
[Source "ChessBase"]
[SourceQuality "1"]

{[%evp 11,52,18,32,-30,48,0,0,0,5,0,0,0,0,0,10,-150,-20,-20,-20,-32,-20,0,-11,-11,-13,-20,-14,-27,-25,-42,-36,-33,-34,-39,-20,-42,-43,-217,-221,-706,-708,-765,-760]} 1. e4 e5 2. Nf3 Nc6 3. Bc4 Nf6 4. d3 h6 5. O-O d6 6. Re1 Na5 {LiveBook: 12 Games. C55: Two Knights: 4 d3, 4 d4 exd4 5 e5 and Max Lange Attack} (6... g6 7. d4 Bg4 8. Bb5 Nd7 9. Bxc6 bxc6 10. Nbd2 Bg7 11. h3 Be6 12. Nf1 exd4 13. Nxd4 c5 14. Nf5 {1-0 (42) Karjakin,S (2760)-Short,N (2678) Riadh 2017}) 7. Nc3 ({White should play} 7. Bd5 $14) 7... c6 (7... Nxc4 $11 8. dxc4 Be7) 8. a4 (8. Bxf7+ $5 Kxf7 9. b4 $11) 8... Nxc4 {The position is equal.} 9. dxc4 Qc7 10. b3 Be7 11. h3 O-O $146 ({Predecessor:} 11... Be6 12. Ba3 O-O 13. Qe2 Nh5 14. Rad1 {1-0 (58) Ismagambetov,A (2523)-Eminov,A (2237) Tashkent 2009}) 12. Nh4 Nh7 13. Qh5 $2 {[#]} (13. Nf5 $11) 13... Kh8 ({Black should try} 13... Qa5 $1 $17 {[%cal Ra5c3]} 14. Bb2 Bg5) 14. Bd2 $11 Qd8 15. Nf3 $1 {[%cal Bh4f3,Bf3h2,Bh2g4][%mdl 32]} b6 16. a5 Be6 17. Nh2 f5 18. exf5 Bxf5 19. Ra2 Qd7 20. Ng4 Be6 $36 {[%mdl 2048] [#] Strongly threatening ...Bf7. White is under pressure.} 21. Ne3 Nf6 22. Qe2 d5 {...d4 is the strong threat.} 23. cxd5 cxd5 {[%cal Bc6d5,Bd5d4,Bd4c3][%mdl 32] aiming for ...d4.} 24. Qb5 $2 (24. Ned1 $15) 24... d4 $1 $19 {[%csl LRc3,LRe3]} 25. Qxe5 $2 (25. Qxd7 Nxd7 26. Nb5 dxe3 27. Bxe3) 25... Bd6 26. Qb5 dxc3 {Precision: White = 35%, Black = 55%.} 0-1

[Event "Budapest Spring Festival 2018"]
[Site "Budapest"]
[Date "2018.04.19"]
[Round "2"]
[White "Sankalp, Gupta"]
[Black "Zanan, Evgeny"]
[Result "*"]
[WhiteElo "2374"]
[BlackElo "2493"]
[Annotator "TA"]
[PlyCount "52"]
[EventDate "2018.??.??"]
[EventType "swiss"]
[EventCountry "HUN"]
[SourceTitle "playchess.com"]
[Source "ChessBase"]
[SourceQuality "1"]

{[%evp 17,52,26,11,-102,-100,-116,-133,-124,-106,-107,-99,-144,-128,-135,-132,-125,-141,-322,-330,-463,-452,-1109,-579,-580,-436,-478,-462,-581,-410,-952,-377,-469,-447,-396,-364,-336,-287]} 1. e4 e5 2. Nf3 Nc6 3. d4 exd4 4. Nxd4 Bc5 5. Nb3 Bb6 6. Nc3 Nf6 7. Qe2 {C45: Scotch Game} (7. Bg5 h6 8. Bh4 d6 9. f3 g5 10. Bg3 Qe7 11. Qd2 Bd7 12. h4 Rg8 13. O-O-O O-O-O 14. hxg5 hxg5 15. Rh6 Be6 16. Bb5 Bxb3 17. axb3 {1-0 (41) Navara,D (2726)-Malakhov,V (2691) Antalya 2017}) 7... a5 8. a4 Nb4 9. Bg5 h6 {LiveBook: 3 Games} 10. e5 (10. Bh4 $1 $11 {keeps the balance.}) 10... hxg5 $17 11. exf6+ Kf8 12. fxg7+ Kxg7 13. O-O-O d6 $146 {[%cal Bd7d6,Bd6d5][%mdl 32]} ({Predecessor:} 13... Qf6 14. Rd2 d6 {1-0 (41) Derakhshani,D (2175)-Khalafova,N (2161) Sharjah 2014}) 14. Nd4 Qf6 $36 {[%mdl 2048] White is under strong pressure.} 15. Qd2 d5 16. g3 c6 {[%cal Bc7c6,Bc6c5,Bc5d4][%mdl 32]} 17. Nce2 $2 {[#]} (17. h4 $17 {was called for.}) 17... c5 $19 18. h4 (18. Nb5 {keeps fighting.} Bf5 19. Nec3) 18... cxd4 19. hxg5 (19. Nxd4 $142 Bg4 20. Be2 Bxd4 21. Bxg4 Bxb2+ 22. Kb1) 19... Qxf2 20. Rxh8 {[#] aiming for g6.} Kxh8 21. g6 Kg7 {Strongly threatening ...d3.} 22. gxf7 Bf5 23. Bh3 (23. Nxd4 $142 Qxd2+ 24. Rxd2 Bxd4 25. Rxd4 Nxc2 26. Rh4) 23... Bg6 $2 (23... d3 24. Rf1 Qe3) 24. Nxd4 Qxd2+ 25. Rxd2 Bxd4 26. Rxd4 Bxf7 {Precision: White = 25%, Black = 67%.} ({Much less strong is} 26... Kxf7 27. Bg2) ({Resist} 26... Bxc2 27. Rxb4 axb4 28. Kxc2 $19) *

[Event "Budapest Spring Festival 2018"]
[Site "Budapest"]
[Date "2018.04.19"]
[Round "2"]
[White "Sai Agni Jeevitesh, J."]
[Black "Milanovic, Danilo"]
[Result "1/2-1/2"]
[WhiteElo "2373"]
[BlackElo "2488"]
[Annotator "TA"]
[PlyCount "78"]
[EventDate "2018.??.??"]
[EventType "swiss"]
[EventCountry "HUN"]
[SourceTitle "playchess.com"]
[Source "ChessBase"]
[SourceQuality "1"]

{[%evp 15,78,41,83,43,84,37,36,40,45,22,47,55,51,52,78,71,75,79,87,77,91,51,114,50,52,5,14,10,16,0,0,0,10,0,37,27,30,32,40,44,277,300,237,79,68,0,0,0,0,0,0,0,5,0,0,0,0,0,0,0,0,0,0,0,0]} 1. d4 Nf6 2. Nf3 c5 3. d5 g6 4. Nc3 Bg7 5. e4 d6 6. Bb5+ Bd7 7. a4 O-O 8. O-O Bg4 {LiveBook: 66 Games} 9. a5 $146 {A43: Schmid Benoni} ({Find the theoretical novelty and annotate with similar games:} 9. Re1 Na6 10. h3 Bxf3 11. Qxf3 Nc7 12. Bf1 a6 13. Bd2 Nd7 14. a5 e6 15. Na4 Nb5 16. c3 Re8 17. dxe6 fxe6 18. Qd1 Qc7 19. Qb3 Qc6 20. Bc4 {1-0 (52) Bosiocic,M (2597)-Kislinsky,A (2516) Tsaghkadzor 2017}) 9... Ne8 10. Be3 Nc7 11. Be2 {White is slightly better.} Nd7 12. Qd2 Re8 13. h3 Bxf3 14. Bxf3 Rb8 15. Be2 a6 16. Ra3 b5 {aiming for ...b4.} 17. axb6 $1 Rxb6 18. b3 Qb8 ({Black should try} 18... Nb5 $14 19. Nxb5 axb5) 19. f4 (19. Ra5 $16) 19... Rb4 $14 20. e5 dxe5 21. f5 {With the idea d6.} e4 22. fxg6 hxg6 23. Bc4 {Strongly threatening Qf2.} Ne5 24. Qf2 Rxc4 (24... Rf8 $5 {[%cal Re5c4]} 25. Bxa6 (25. Nxe4 Nxc4 26. bxc4 Rxc4 $17) 25... Nd7 $15) 25. bxc4 {Black must now prevent Rb3.} Qb4 26. Bxc5 Qxc4 27. Rd1 Ng4 $2 (27... f5 $14) 28. hxg4 $18 Bxc3 {[#]} 29. Rxc3 $2 (29. d6 $1 $18 {[%cal Rd6c7] is the precise move to win.} exd6 {[#]} 30. Rxc3 $1 {[%mdl 512]} Qxc3 31. Bd4) 29... Qxc3 $16 30. Bd4 (30. d6 $1 $14 Ne6 31. d7) 30... Qc4 $11 {The position is equal.} 31. Qh4 {[%csl Gd4][%cal Rh4h8]} f6 32. Qh6 $40 {[%mdl 128] Black needs to defend precisely.} Qxd5 33. Qxg6+ Kf8 34. Be3 {[%cal Re3h6]} Qxd1+ 35. Kh2 {[%cal Re3h6]} Qd6+ 36. g3 {[%cal Re3h6]} e5 {[#]} 37. Bc5 $1 {[%cal Rc5d6][%mdl 512]} Qxc5 38. Qxf6+ Kg8 39. Qg6+ Kf8 {Precision: White = 40%, Black = 35%.} 1/2-1/2

[Event "Budapest Spring Festival 2018"]
[Site "Budapest"]
[Date "2018.04.19"]
[Round "2"]
[White "Veinberg, Nimrod"]
[Black "Krzyzanowski, Marcin"]
[Result "1-0"]
[WhiteElo "2368"]
[BlackElo "2472"]
[Annotator "TA"]
[PlyCount "54"]
[EventDate "2018.??.??"]
[EventType "swiss"]
[EventCountry "HUN"]
[SourceTitle "playchess.com"]
[Source "ChessBase"]
[SourceQuality "1"]

{[%evp 22,54,38,38,54,42,70,70,70,69,69,67,80,58,43,0,0,0,0,0,0,-37,-26,-36,-27,-129,-49,-50,-44,-47,69,-281,306,247,29999]} 1. d4 Nf6 2. c4 g6 3. Nc3 Bg7 4. e4 d6 5. h3 O-O 6. Bg5 c5 7. d5 e6 8. Bd3 exd5 9. exd5 Nbd7 10. Nf3 Re8+ 11. Kf1 a6 12. a4 $1 {LiveBook: 25 Games} Rb8 {E71: King's Indian: 4 e4 d6 5 h3} (12... h6 13. Be3 Ne5 14. Nxe5 Rxe5 15. Qd2 Qf8 16. g4 Nh7 17. Bf4 f5 18. Bxe5 Bxe5 19. Qe2 Kg7 20. gxf5 Bxf5 {1-0 (51) Aleksandrov,A (2607)-Belozerov,A (2523) Pavlodar 2012}) 13. Qd2 $146 ({Predecessor:} 13. g3 Qb6 14. Qc2 Ne5 15. Nxe5 Rxe5 16. Bf4 Re8 17. Bd2 Bd7 18. Kg2 Qc7 19. Rhe1 Rxe1 20. Rxe1 {1-0 (54) Sotnikov,I (2440)-Smirnov,A Briansk 1995}) 13... Ne5 14. Nxe5 Rxe5 {White is slightly better.} 15. g4 Qf8 16. Kg2 Bd7 17. f4 Ree8 18. Raf1 b5 19. cxb5 (19. axb5 axb5 20. cxb5 c4) 19... axb5 20. axb5 c4 21. Bb1 h6 22. Bh4 Bxb5 23. g5 {[#]} (23. Rf2 $11 {keeps the balance.}) 23... Nxd5 $1 {[%mdl 512]} 24. Qxd5 $15 ({But not} 24. Nxd5 $2 Bc6 $19) 24... Ba6 $1 {[%cal Ra6b7]} 25. Qd2 $1 {Threatens to win with f5.} Qe7 (25... Bb7+ $15 26. Kh2 Bxh1 27. Kxh1 Qe7) 26. gxh6 $2 {[%mdl 8192]} (26. Re1 $14 {stays ahead.} Qd7 27. Kh2) 26... Bxc3 $4 {[%mdl 8192]} (26... Qxh4 $19 27. hxg7 Bb7+ 28. Kh2 Bxh1) 27. Qxc3 $18 {[%csl Gh6][%cal Rc3g7] [#]} Qxh4 $2 {Precision: White = 39%, Black = 32%.} (27... Qf8 $18 28. Kg1 Qxh6) 1-0

[Event "Budapest Spring Festival 2018"]
[Site "Budapest"]
[Date "2018.04.19"]
[Round "2"]
[White "Spalir, Jernej"]
[Black "Livaic, Leon"]
[Result "1-0"]
[WhiteElo "2363"]
[BlackElo "2468"]
[Annotator "TA"]
[PlyCount "83"]
[EventDate "2018.??.??"]
[EventType "swiss"]
[EventCountry "HUN"]
[SourceTitle "playchess.com"]
[Source "ChessBase"]
[SourceQuality "1"]

{[%evp 24,83,0,0,12,21,63,2,69,53,64,58,65,56,69,66,75,78,99,100,100,100,97,99,299,314,309,312,298,298,389,385,431,434,434,427,468,457,457,457,602,584,584,584,584,584,747,643,825,814,807,727,925,885,1054,1052,12826,12824,12821,9219,11212,9893]} 1. d4 Nf6 2. Nf3 e6 3. c4 b6 4. g3 Ba6 5. b3 Bb4+ 6. Bd2 Be7 7. Bg2 c6 8. O-O d5 9. Qc2 Nbd7 10. Rd1 {E15: Queen's Indian: 4 g3 sidelines, 4 g3 Ba6 and 4 g3 Bb7 early deviations} Rc8 11. a4 c5 (11... O-O 12. Na3 Bb7 13. Qb2 c5 14. Be1 Re8 15. e3 cxd4 16. Nxd4 a6 17. a5 Qc7 18. axb6 Qxb6 19. cxd5 Bxd5 20. Bxd5 Nxd5 {1-0 (67) Yu,Y (2751)-Ivanchuk,V (2726) Huaian 2017}) 12. Na3 Bb7 13. Qb2 {[#] LiveBook: 4 Games} dxc4 $146 ({Predecessor:} 13... O-O 14. Rac1 Ne4 15. Be1 Bf6 16. b4 Nd6 17. Qb1 Be7 18. cxd5 Bxd5 {½-½ (33) Parligras,M (2595)-Djukic,N (2534) Kragujevac 2016}) 14. Nxc4 cxd4 15. Bf4 (15. Nxd4 $14 Bxg2 16. Kxg2) 15... Bxf3 (15... O-O $11) 16. Bxf3 $14 Rxc4 $1 17. bxc4 e5 18. Bg5 O-O 19. Qb5 Bc5 20. a5 h6 21. Bxf6 Nxf6 22. axb6 axb6 23. Ra8 $36 {[%mdl 2048] Keeping Black busy.} Qxa8 $2 {[#]} (23... Qe7 $16) 24. Bxa8 $18 Rxa8 25. Qc6 Re8 26. Ra1 e4 27. Ra8 Rxa8 28. Qxa8+ {White is clearly winning.} Kh7 29. Qd8 e3 30. f3 {[%cal Bf2f3,Bf3f4][%mdl 32]} Ng8 31. Kg2 g6 32. g4 Kg7 33. f4 Ne7 34. Kf3 f5 35. h3 h5 36. gxh5 gxh5 37. Qe8 Ng6 38. Qe6 Kh6 39. Qf6 Bb4 40. Qxb6 Bc3 41. Qf6 Be1 42. Qxd4 {Precision: White = 88%, Black = 20%.} 1-0

[Event "Budapest Spring Festival 2018"]
[Site "Budapest"]
[Date "2018.04.19"]
[Round "2"]
[White "Nguyen, Van Thanh"]
[Black "Turov, Maxim"]
[Result "1/2-1/2"]
[WhiteElo "2352"]
[BlackElo "2610"]
[Annotator "TA"]
[PlyCount "52"]
[EventDate "2018.??.??"]
[EventType "swiss"]
[EventCountry "HUN"]
[SourceTitle "playchess.com"]
[Source "ChessBase"]
[SourceQuality "1"]

{[%evp 16,52,0,0,12,0,6,0,13,0,0,0,14,0,16,-21,0,-56,-5,-6,0,0,0,0,0,0,68,66,51,50,55,22,25,23,560,53,38,0,389]} 1. d4 Nf6 2. Nf3 e6 3. Bf4 c5 4. e3 d5 5. c3 Nc6 6. Nbd2 cxd4 7. exd4 {D02: 1 d4 d5 2 Nf3 sidelines, including 2...Nf6 3 g3 and 2...Nf6 3 Bf4} Nh5 8. Bg3 (8. Be3 Bd6 9. Bd3 Nf4 10. Bxf4 Bxf4 11. O-O O-O 12. Re1 Bd7 13. Ne5 Nxe5 14. dxe5 g6 {1-0 (104) Vidit,S (2715)-Aronian,L (2805) Riadh 2017}) 8... Nxg3 9. hxg3 {LiveBook: 3 Games} Bd6 10. Bd3 Bd7 11. Qe2 h6 12. Ne5 $146 ({Predecessor:} 12. a4 Qc7 13. O-O O-O 14. Rfe1 f5 15. c4 dxc4 16. Nxc4 {1-0 (34) Najjar,A (2255)-Coulibaly,A Elista 1998}) 12... Nxe5 13. dxe5 Bc7 14. Nf3 Qe7 15. O-O h5 16. c4 (16. Bb5 $11) 16... dxc4 (16... O-O-O $1 $15) 17. Be4 $11 c3 18. bxc3 Rb8 19. Qe3 Bb6 20. Qf4 Rg8 (20... O-O $11) 21. Ng5 $1 $14 Bd8 $1 22. Nh7 $1 Rh8 {[#]} 23. Nf6+ $1 {[%mdl 512]} Kf8 (23... gxf6 24. exf6) 24. Rfd1 Bc8 $2 {[%mdl 8192]} (24... Ba4 $11 {and Black has nothing to worry.} 25. Rd4 gxf6) 25. Nh7+ $2 ({White should try} 25. Rd3 $18 Bc7 26. Qg5 (26. Nh7+ Kg8 $14)) 25... Kg8 {[#]} 26. Nf6+ $1 {[%mdl 8704]} Kf8 {[%mdl 32768] Precision: White = 46%, Black = 28%. . An unexpected result.} (26... gxf6 27. Rxd8+) 1/2-1/2

[Event "Budapest Spring Festival 2018"]
[Site "Budapest"]
[Date "2018.04.19"]
[Round "2"]
[White "Karpus, Michal"]
[Black "Banusz, Tamas"]
[Result "0-1"]
[WhiteElo "2342"]
[BlackElo "2617"]
[Annotator "TA"]
[PlyCount "56"]
[EventDate "2018.??.??"]
[EventType "swiss"]
[EventCountry "HUN"]
[SourceTitle "playchess.com"]
[Source "ChessBase"]
[SourceQuality "1"]

{[%evp 18,56,29,5,5,0,-2,-21,-6,-10,0,-3,-6,-2,15,13,72,86,79,75,66,24,35,-19,-12,-18,-22,-43,-63,-338,-341,-485,-463,-468,-493,-765,-593,-599,-574,-687,-531]} 1. e4 e5 2. Nf3 Nc6 3. Bb5 {[%cal Bf1b5,Bb5a4,Ba4b3][%mdl 32]} a6 4. Ba4 b5 5. Bb3 Na5 6. O-O d6 7. d4 exd4 8. Nxd4 Bb7 9. c4 c5 {C70: Ruy Lopez: 3...a6 4 Ba4, Norwegian and Delayed Schliemann} 10. Nf3 {LiveBook: 3 Games} (10. Nf5 g6 11. Ne3 Nf6 12. Nd5 Bg7 13. Nbc3 O-O 14. Bg5 Nxb3 15. axb3 b4 16. Qf3 Nxd5 17. Bxd8 bxc3 18. exd5 cxb2 {1-0 (27) Anand,V (2788)-Mamedyarov,S (2719) Moscow 2009}) 10... Be7 $146 ({Find the theoretical novelty and annotate with similar games:} 10... Nf6 11. Nc3 Be7 12. cxb5 axb5 13. Bd5 Nxd5 14. Nxd5 O-O 15. Bf4 Ra6 16. Re1 Re8 17. Qd3 {1-0 (55) Malinovsky,K (2448)-Blahynka,M (2424) Czech Republic 2017}) 11. cxb5 axb5 {The position is equal.} 12. Re1 Nf6 13. Bc2 O-O 14. a3 Re8 15. Nc3 Qb6 16. Qd3 Ba6 (16... Bc6 $11 {keeps the balance.}) 17. b4 $16 Qb7 18. Nd5 c4 19. Qe3 Bd8 20. Nxf6+ (20. Nc3 $14 Nb3 21. Bxb3 cxb3 22. Bb2) 20... Bxf6 $11 21. e5 {[#] aiming for Be4.} Nc6 $1 {[%cal Ba5c6,Bc6e5,Be5f3][%mdl 32]} 22. Qe4 g6 {[%cal Rc6e5]} 23. Qf4 $2 {[%mdl 8192]} ({White should try} 23. exf6 $15 Rxe4 24. Bxe4) 23... Nxe5 $19 24. Be3 (24. Rxe5 {was worth a try.} Bxe5 25. Nxe5 dxe5 26. Qf6) 24... Nxf3+ {Black is clearly winning.} 25. gxf3 Be5 26. Qh4 (26. Qg4 $142 Bxa1 27. Rxa1) 26... Bxa1 27. Rxa1 Qxf3 {[#] ( -> ...Bb7)} 28. Qg3 Bb7 {Precision: White = 31%, Black = 54%.} 0-1